Una colección desconocida (Record no. 118225)

MARC details
000 -LEADER
campo de control de longitud fija 00540nam a2200169 4500
001 - NÚMERO DE CONTROL
campo de control 118225
003 - IDENTIFICADOR DE NÚMERO DE CONTROL
campo de control ES-MaACL
005 - FECHA Y HORA DE LA ÚLTIMA TRANSACCIÓN
campo de control 20230906191046.0
007 - CAMPO FIJO DE DESCRIPCIÓN FÍSICA--INFORMACIÓN GENERAL
campo de control de longitud fija t|
008 - DATOS DE LONGITUD FIJA--INFORMACIÓN GENERAL
campo de control de longitud fija 070214s1934 sp r ||||1| spa d
100 1# - ENTRADA PRINCIPAL--NOMBRE DE PERSONA
Nombre de persona Pemán, César.
9 (RLIN) 90129
245 14 - MENCIÓN DEL TÍTULO
Título Una colección desconocida
Resto del título : la galería de cuadros de D. Emilio de Sola /
Mención de responsabilidad, etc. César Pemán.
260 ## - PUBLICACIÓN, DISTRIBUCIÓN, ETC.
Lugar de publicación, distribución, etc. Cádiz :
Nombre del editor, distribuidor, etc. Museo de Bellas Artes,
Fecha de publicación, distribución, etc. 1934.
300 ## - DESCRIPCIÓN FÍSICA
Extensión 35 p. XXI p. de lam. ;
Dimensiones 26 cm.
710 2# - ENTRADA AGREGADA--NOMBRE DE ENTIDAD CORPORATIVA
Nombre de entidad corporativa o nombre de jurisdicción como elemento de entrada Museo de Bellas Artes de Cádiz.
9 (RLIN) 5845
852 ## - LOCALIZACIÓN
Ubicación ES-MaACL
Número de control de estantería 1794-F-13
Holdings
Estatus retirado Estado de pérdida Estado de daño No para préstamo Colección Biblioteca de origen Biblioteca actual Ubicación en estantería Fecha de adquisición Fuente de adquisición Total de préstamos Signatura topográfica completa Código de barras Visto por última vez Precio de reemplazo Tipo de ítem Koha
        Colección de folletos Biblioteca del Ateneo de Madrid Biblioteca del Ateneo de Madrid Depósito folletos 17/01/2008     1794-F-13 1123251 23/02/2023 23/02/2023 Folleto